000
00256nam a2200109Ia 4500
008
200302s9999 xx 000 0 und d
100
_a
Karen Roos & Other
245
_a
Outdoor Living
260
_b
New Holland publishers
260
_c
2001
300
_a
143 P.,
999
_c
2386
_d
2386